000 01462cam a2200421La 4500
001 51718
005 20230410105238.0
008 060110s2006 nyu b 001 0 eng
010 _a 2006025169
035 _a(OCoLC)ocn156743344
040 _aNz
_cNZWPM
_dBAKER
_dBWK
020 _a9781842777237 (1 84277 723 8 : alk. paper)
020 _a1842777238 (1 84277 723 8 : alk. paper)
020 _a9781842777220 (1 84277 722 x : alk. paper)
020 _a184277722X (1 84277 722 x : alk. paper)
029 0 _aNZ1
_b10847285
035 _a(OCoLC)156743344
043 _aa-cc---
050 1 4 _aDS779.2
_b.C514l 2006
082 0 0 _a951.05/9
_222
100 1 _aCheek, Timothy.
245 1 0 _aLiving with reform :
_bChina since 1989 /
_cTimothy Cheek.
246 3 0 _aChina since 1989
260 _aNew York :
_bZed Books,
_c2006.
263 _a0609
300 _ap. cm.
490 0 _aGlobal history of the present
504 _aIncludes bibliographical references and index.
651 0 _aChina
_xHistory
_y1976-2002.
651 0 _aChina
_xHistory
_y2002-
856 4 1 _3Table of contents only
_uhttp://www.loc.gov/catdir/toc/ecip0618/2006025169.html
938 _aBaker & Taylor
_bBKTY
_c90.00
_d90.00
_i184277722X
_n0006837321
_sactive
938 _aBlackwell Book Service UK
_bBBUK
_nL4747299
_c50.00
938 _aBaker & Taylor
_bBKTY
_c23.00
_d23.00
_i1842777238
_n0006833461
_sactive
942 _2lcc
_cbk
994 _aC0
_bDRFGD
946 _aLspaulino
999 _c32801
_d32801